| 000 | 01203nam a22002175i 4500 | ||
|---|---|---|---|
| 001 | 166375 | ||
| 003 | ES-MaACL | ||
| 005 | 20230906213323.0 | ||
| 008 | 000216s1896 sp |||| | spa d | ||
| 100 | 1 |
_aTolosa Latour, Manuel, _d1857-1919 _9110485 |
|
| 245 | 1 | 3 |
_aEl Padre José _b: recuerdos de la vida y obras de un fraile franciscano / _c[Manuel de Tolosa Latour]. |
| 260 |
_aMadrid : _b[s.n.], _c1896 ( _fImp. y Lit. del Asilo de Huérfanos del Sagrado Corazón de Jesús) |
||
| 300 |
_a116 p., [1] h. de lám., [3] h. pleg. de lám., [1] h. pleg. de map. , [1] h. pleg. de plan. ; _c19 cm. |
||
| 530 | _aDisponible en formato digital. | ||
| 594 | _aSegún José López, "Catálogo bibliográfico de la misión franciscana de Marruecos", Tanger, 1924 , n. 64, p. 16, el autor es Manuel Tolosa Latour. | ||
| 599 | _aLas h. de lám., plan. y map. son litogr., siendo la primera retrato del Padre José Lerchundi. | ||
| 600 | 0 | 4 |
_aLerchundi, José. _971754 |
| 852 |
_aES-MaACL _jT-759-F-6 _z- Enc. hol., conservando la enc. original _z- Enc. en un vol. facticio |
||
| 856 |
_uhttp://bdh-rd.bne.es/viewer.vm?id=0000236868&page=1 _zBiblioteca Digital Hispánica |
||
| 999 |
_c166375 _d166375 |
||